| 000 | 00929nam a2200253 a 4500 | ||
|---|---|---|---|
| 001 | 50605 | ||
| 003 | BD-RjUL | ||
| 005 | 20211209075533.0 | ||
| 008 | 160828s1959 nyu b 000 0 eng | ||
| 035 | _a(BD-RjUL) 50725 | ||
| 040 |
_aDLC _cWa _dDLC _dBD-RjUL _beng |
||
| 041 | _aeng | ||
| 082 | 0 | 0 |
_a361.07 _223 _bWEE 1959 |
| 100 | 1 |
_aWeissman, Irving, _d1905- _9151526 |
|
| 245 | 1 | 0 |
_aEducation for social workers in the public social services / _cIrving Weissman, Mary R. Baker. |
| 260 |
_aNew York : _bCouncil on Social Work Education, _cc1959 |
||
| 300 |
_aVol. ; _c24 cm. |
||
| 504 | _aIncludes bibliographical footnotes. | ||
| 505 | 0 | _aVol. 7 (A Project report of the curriculum study / Werner W. Boehm, Director and Coordinator)-- | |
| 650 | 0 |
_aPublic welfare _xStudy and teaching. _9151527 |
|
| 650 | 0 |
_aChild welfare _xStudy and teaching. _9151528 |
|
| 700 | 1 |
_aBaker, Mary R., _ejoint author. _9151531 |
|
| 942 |
_2ddc _cBK |
||
| 999 |
_c50605 _d50605 |
||